| 000 | 00838nam a2200277 i 4500 | ||
|---|---|---|---|
| 001 | 110310 | ||
| 003 | ES-MaACL | ||
| 005 | 20250720041557.0 | ||
| 007 | t| | ||
| 008 | 061121s1984 sp r ||||1| spa d | ||
| 017 | _aM 18199-1984 | ||
| 020 | _a8486280079 | ||
| 040 | _cES-MaACL | ||
| 100 | 0 |
_aMolina, Esperanza _981888 _eaut |
|
| 245 | 1 | 4 |
_aLos otros madrileños : _b(El Pozo del Tío Raimundo) / _cEsperanza Molina |
| 260 |
_aMadrid : _bAvapiés, _c1984 |
||
| 300 |
_a221 páginas ; _c20 cm |
||
| 490 | 1 |
_aColección Avapiés , _v8 |
|
| 651 | 4 |
_98939 _aMadrid |
|
| 655 | 7 |
_2tgfbne _9236197 _aRelatos personales |
|
| 830 | 0 | 0 |
_aAvapiés _v8 _9178596 |
| 852 |
_aES-MaACL _jL-6421 _bR.106955 _cDEPO2 _xEncuadernación rústica |
||
| 942 |
_cMONOGRAFIA _n0 |
||
| 999 |
_c110310 _d110310 |
||